Multimedia for e-communities and eco-tourism (Record no. 117628)
[ view plain ]
| 000 -LEADER | |
|---|---|
| fixed length control field | 01315cam a2200277 4500 |
| 001 - CONTROL NUMBER | |
| control field | ABS67916 |
| 008 - FIXED-LENGTH DATA ELEMENTS--GENERAL INFORMATION | |
| fixed length control field | 040630n2004 000 0 eng u |
| 035 ## - SYSTEM CONTROL NUMBER | |
| System control number | (Sirsi) u126658 |
| 100 ## - MAIN ENTRY--PERSONAL NAME | |
| Personal name | Almer, A. |
| 245 ## - TITLE STATEMENT | |
| Title | Multimedia for e-communities and eco-tourism |
| 260 ## - PUBLICATION, DISTRIBUTION, ETC. | |
| Date of publication, distribution, etc. | 2004 |
| 490 ## - SERIES STATEMENT | |
| Series statement | Geo Informatics |
| Volume/sequential designation | June 2004, 46-49(3) |
| 520 ## - SUMMARY, ETC. | |
| Summary, etc. | Many rural communities are attempting to develop their eco-tourism potential. Tourism in these areas and particularly in national parks and nature reserves can be regarded as a very important but also very sensitive economic issue. It is believed that by using new geo-multimedia technologies for the presentation of tourist information about rural areas, sustainable development in these regions will be enhanced. Innovative strategies for the presentation of tourist information need to consider the spatial context of data and have to be optimised for important target groups. [Taken from journal abstract]. |
| 590 ## - LOCAL NOTE (RLIN) | |
| Local note | ABS |
| 590 ## - LOCAL NOTE (RLIN) | |
| Local note | ABS |
| 650 ## - SUBJECT ADDED ENTRY--TOPICAL TERM | |
| Topical term or geographic name entry element | ECOLOGICAL CONSIDERATIONS |
| 650 ## - SUBJECT ADDED ENTRY--TOPICAL TERM | |
| Topical term or geographic name entry element | SUSTAINABLE DEVELOPMENTS |
| 650 ## - SUBJECT ADDED ENTRY--TOPICAL TERM | |
| Topical term or geographic name entry element | GEOTECHNOLOGY |
| 650 ## - SUBJECT ADDED ENTRY--TOPICAL TERM | |
| Topical term or geographic name entry element | RURAL COMMUNITIES |
| 650 ## - SUBJECT ADDED ENTRY--TOPICAL TERM | |
| Topical term or geographic name entry element | NATIONAL PARKS |
| 650 ## - SUBJECT ADDED ENTRY--TOPICAL TERM | |
| Topical term or geographic name entry element | NATURE RESERVES |
| 690 ## - LOCAL SUBJECT ADDED ENTRY--TOPICAL TERM (OCLC, RLIN) | |
| Topical term or geographic name as entry element | DEVELOPMENT-SUSTAINABLE |
| 700 ## - ADDED ENTRY--PERSONAL NAME | |
| Personal name | Stelzl, H. |
| 700 ## - ADDED ENTRY--PERSONAL NAME | |
| Personal name | Schnabel, T. |
| 942 ## - ADDED ENTRY ELEMENTS (KOHA) | |
| Suppress in OPAC | 0 |
| Withdrawn status | Lost status | Source of classification or shelving scheme | Damaged status | Not for loan | Home library | Current library | Shelving location | Date acquired | Total Checkouts | Full call number | Barcode | Date last seen | Copy number | Price effective from | Koha item type |
|---|---|---|---|---|---|---|---|---|---|---|---|---|---|---|---|
| Dewey Decimal Classification | London | London | Journal article | 30/06/2004 | ABS67916 | 126658-1001 | 06/08/2019 | 1 | 06/08/2019 | Journal article |